000 00637nam a22002177a 4500
005 20251108164320.0
008 250721s1988 xx 000 0 ara d
082 1 4 _a355.43/غيت
100 1 _aغيتون، جان
245 1 0 _aالفكر و الحرب /
250 _aط2.
264 1 _aبيروت :
_bالمؤسسة العربية للدراسات والنشر،
_c1988.
300 _a151ص
650 1 7 _aالحرب
650 1 7 _aالإستراتيجية
650 1 7 _aالعلوم العسكرية
700 1 _aديري، أكرم
_eترجمة
700 1 _aالأيوبي، هيثم
942 _2ddc
_cBK
999 _c9104
_d9104